| 000 | 00465nam a2200181Ia 4500 | ||
|---|---|---|---|
| 008 | 230711s9999||||xx |||||||||||||| ||und|| | ||
| 020 | _a0-94-414219-2 | ||
| 041 | _aENG | ||
| 082 |
_a720.954 _bBH-A |
||
| 100 | _aBhatt,Vikram | ||
| 245 | 0 | _aAfter The Master : Contemporary Indian Architecture | |
| 250 | _a1st Ed. | ||
| 260 |
_c1990 _aAhemdabad _bMapin Publishing Pvt.Ltd |
||
| 300 | _a221p. | ||
| 650 | _aArchitecture | ||
| 700 | _aScriver,Peter | ||
| 942 | _cBK | ||
| 999 |
_c6472 _d6472 |
||